Les 10 villes d'Italie les plus peuplées commençant par A - Statistiques

Statistiques générales
  • Ce quiz a été pris 13 fois
  • Le résultat moyen est 2 sur 10
Statistiques - réponses
# Ville Population % Correct
1 Ancône 98.541
100%
5 Asti 73.952
31%
3 Arezzo 96.492
23%
10 Agrigento 55.906
15%
9 Acerra 59.007
8%
8 Afragola 62.374
8%
4 Alexandrie 91.113
8%
7 Altamura 69.637
8%
2 Andria 96.838
8%
6 Aprilia 73.474
8%
Aucun quiz correspondant
Distribution des résultats
% des personnes avec chaque résultat
Percentile par nombre de réponses
Votre historique - résultats
Vous n’avez pas pris ce quiz